000 00733nam0a22002411 4500
001 rc\2847001
005 20250530040005.0
035 _a(NLR Aleph) 007202730
090 _a7641132
_c7641132
100 _a20110701d1934 |||y0rusy50 ca
101 0 _arus
102 _aRU
105 _aa z |||||
200 1 _aКак уберечь себя от потертостей
210 _aМосква
_aЛенинград
_cБиомедгиз
_d1934
215 _aОбл., 29, [2] с., 1 с. объявл.
_cил.
_d15х12 см
700 1 _aПер
_bМ.И.
_f1895-1968
_gМихаил Иванович
801 0 _aRU
_bNLR
_gpsbo
801 1 _aRU
_bELAR
_2rusmarc
852 _aNLR
_j34-8/3177
942 _cBOOK
980 _aNB